<?xml version="1.0" encoding="UTF-8"?>
<record
    xmlns:xsi="http://www.w3.org/2001/XMLSchema-instance"
    xsi:schemaLocation="http://www.loc.gov/MARC21/slim http://www.loc.gov/standards/marcxml/schema/MARC21slim.xsd"
    xmlns="http://www.loc.gov/MARC21/slim">

  <leader>00163    a2200073   4500</leader>
  <datafield tag="020" ind1=" " ind2=" ">
    <subfield code="a">9780796219169</subfield>
  </datafield>
  <datafield tag="082" ind1=" " ind2=" ">
    <subfield code="a">ST510.712 CLA</subfield>
  </datafield>
  <datafield tag="245" ind1=" " ind2=" ">
    <subfield code="a">classroom mathematics grade12</subfield>
  </datafield>
  <datafield tag="999" ind1=" " ind2=" ">
    <subfield code="c">761627</subfield>
    <subfield code="d">761626</subfield>
  </datafield>
  <datafield tag="942" ind1=" " ind2=" ">
    <subfield code="w">625</subfield>
    <subfield code="x">Precious Sibiya</subfield>
    <subfield code="y">625</subfield>
    <subfield code="z">Precious Sibiya</subfield>
  </datafield>
  <datafield tag="952" ind1=" " ind2=" ">
    <subfield code="0">0</subfield>
    <subfield code="1">0</subfield>
    <subfield code="4">0</subfield>
    <subfield code="6">ST_510_712000000000000_CLA</subfield>
    <subfield code="7">0</subfield>
    <subfield code="8">ST</subfield>
    <subfield code="9">697412</subfield>
    <subfield code="a">KABOL</subfield>
    <subfield code="b">KABOL</subfield>
    <subfield code="c">Non_Fiction</subfield>
    <subfield code="d">2024-01-17</subfield>
    <subfield code="l">2</subfield>
    <subfield code="o">ST510.712 CLA</subfield>
    <subfield code="p">33010010122257</subfield>
    <subfield code="q">2024-04-06</subfield>
    <subfield code="r">2024-03-14</subfield>
    <subfield code="s">2024-03-14</subfield>
    <subfield code="w">2024-01-17</subfield>
    <subfield code="y">BOOK05</subfield>
  </datafield>
  <datafield tag="952" ind1=" " ind2=" ">
    <subfield code="0">0</subfield>
    <subfield code="1">0</subfield>
    <subfield code="4">0</subfield>
    <subfield code="6">ST_510_712000000000000_CLA</subfield>
    <subfield code="7">0</subfield>
    <subfield code="8">500</subfield>
    <subfield code="9">716713</subfield>
    <subfield code="a">DAVEL</subfield>
    <subfield code="b">DAVEL</subfield>
    <subfield code="c">Non_Fiction</subfield>
    <subfield code="d">2025-02-25</subfield>
    <subfield code="l">6</subfield>
    <subfield code="o">ST510.712 CLA</subfield>
    <subfield code="p">3300302412309</subfield>
    <subfield code="r">2025-05-26</subfield>
    <subfield code="s">2025-05-07</subfield>
    <subfield code="w">2025-02-25</subfield>
    <subfield code="y">BOOK</subfield>
  </datafield>
  <datafield tag="952" ind1=" " ind2=" ">
    <subfield code="0">0</subfield>
    <subfield code="1">0</subfield>
    <subfield code="4">0</subfield>
    <subfield code="6">ST_510_000000000000000_CLASS</subfield>
    <subfield code="7">0</subfield>
    <subfield code="8">500</subfield>
    <subfield code="9">764843</subfield>
    <subfield code="a">SECL</subfield>
    <subfield code="b">SECL</subfield>
    <subfield code="c">Non_Fiction</subfield>
    <subfield code="d">2026-05-12</subfield>
    <subfield code="l">0</subfield>
    <subfield code="o">ST510  CLASS</subfield>
    <subfield code="p">061160</subfield>
    <subfield code="r">2026-05-12</subfield>
    <subfield code="w">2026-05-12</subfield>
    <subfield code="y">BOOK</subfield>
  </datafield>
</record>
